| 000 | 00614nam a22002057a 4500 | ||
|---|---|---|---|
| 003 | 0 | ||
| 005 | 20241119121454.0 | ||
| 008 | 241119b xxu||||| |||| 00| 0 eng d | ||
| 020 | _a9781639876686 | ||
| 050 |
_aLB 1051 _b.R53 2023 |
||
| 100 |
_aRichards, Shane, _eauthor. |
||
| 245 |
_aEducational psychology / _cShane Richards. |
||
| 260 |
_aNew York, NY : _bMurphy & Moore Publishing, _cc2023. |
||
| 300 |
_aviii, 237 p. : _bill. ; _c26 cm. |
||
| 504 | _aIncludes bibliographical references and index. | ||
| 650 | _aEducational psychology. | ||
| 650 | _aPsychology. | ||
| 650 | _aEducation. | ||
| 942 |
_2lcc _cBK |
||
| 999 |
_c366763 _d366763 |
||